Principios y normas contables en la Argentina (Registro nro. 1818)

Detalles MARC
000 -LEADER
fixed length control field 01315 a2200241 4500
001 - CONTROL NUMBER
control field 29266
005 - DATE AND TIME OF LATEST TRANSACTION
control field 20260407155601.0
008 - FIXED-LENGTH DATA ELEMENTS--GENERAL INFORMATION
fixed length control field 260407a1984 arg spa d
003 - CONTROL NUMBER IDENTIFIER
control field AR-UNSa-BCEJYS
040 ## - CATALOGING SOURCE
Original cataloging agency AR-UNSa-BCEJYS
Language of cataloging spa
Transcribing agency AR-UNSa-BCEJYS
080 ## - UNIVERSAL DECIMAL CLASSIFICATION NUMBER
Universal Decimal Classification number 657(083.74)
Common auxiliary subdivision Normas Contables
020 ## - INTERNATIONAL STANDARD BOOK NUMBER
International Standard Book Number 950-9109-27-4
041 ## - LANGUAGE CODE
Language code of text/sound track or separate title spa
100 1# - MAIN ENTRY--PERSONAL NAME
Personal name García, Sergio O.
245 10 - TITLE STATEMENT
Title Principios y normas contables en la Argentina
264 #1 - PRODUCTION, PUBLICATION, DISTRIBUTION, MANUFACTURE, AND COPYRIGHT NOTICE
Place of production, publication, distribution, manufacture Buenos Aires :
Name of producer, publisher, distributor, manufacturer Tesis
Date of production, publication, distribution, manufacture, or copyright notice 1984
300 ## - PHYSICAL DESCRIPTION
Extent 445 p.
Dimensions 22 cm.
505 ## - FORMATTED CONTENTS NOTE
Formatted contents note Parte I: Los problemas fundamentales: 1. Los alcances del problema - 2. Contabilidad y estados contables - 3. Los sujetos involucrados - 4. Los principios y normas contables -- Parte II: El aspecto institucional: 5. Quiénes elaboran los principios y normas contables - 6. Quiénes ponen en vigencia normas contables -- Parte III: Principios y normas vigentes: 7. Principios y normas contables de valuación - 8. Principios y normas contables -- Parte IV: Opinión de los autores: 9. Opinión de los autores -- Parte V: Respuestas a los autores
590 ## - LOCAL NOTE (RLIN)
Local note niveau_biblio:m niveau_hierar:0
700 1# - ADDED ENTRY--PERSONAL NAME
Personal name Mattera, Miguel A.
856 41 - ELECTRONIC LOCATION AND ACCESS
Uniform Resource Identifier <a href="https://biblioeco.unsa.edu.ar/pmb/images/libros/Principios y Normas Contables en la Argentina-l44297.jpg">https://biblioeco.unsa.edu.ar/pmb/images/libros/Principios y Normas Contables en la Argentina-l44297.jpg</a>
Link text Imagen de portada
Electronic format type image/jpeg
942 ## - ADDED ENTRY ELEMENTS (KOHA)
Koha item type
Existencias
Withdrawn status Lost status Damaged status Not for loan Home library Current library Shelving location Date acquired Total checkouts Full call number Barcode Date last seen Price effective from Koha item type
        Biblioteca Prof. Eusebio Cleto del Rey Biblioteca Prof. Eusebio Cleto del Rey   07/04/2026   657(083.74) G216 L44297 07/04/2026 07/04/2026 Libro
        Biblioteca Prof. Eusebio Cleto del Rey Biblioteca Prof. Eusebio Cleto del Rey   07/04/2026   657(083.74) G216 L45332 07/04/2026 07/04/2026 Libro